[Event "Voronezh op-B 22nd"]
[Site "Voronezh"]
[Date "2018.06.19"]
[Round "8"]
[White "Rubtsov, Victor"]
[Black "Kokueva, Alisa"]
[Result "0-1"]
[WhiteElo "1735"]
[BlackElo "1586"]
[PlyCount "62"]
[EventDate "2018.06.12"]
[EventType "swiss"]
[EventRounds "9"]
[EventCountry "RUS"]
[SourceTitle "CBM 185 Extra"]
[Source "ChessBase"]
[SourceDate "2018.07.29"]
[SourceVersion "1"]
[SourceVersionDate "2018.07.29"]
[SourceQuality "1"]

1. d4 d5 2. Bg5 h6 3. Bh4 c5 4. c3 Qb6 5. Qc2 Nc6 6. e3 e6 7. Nd2 Be7 8. Bxe7 Ngxe7 9. Ngf3 Bd7 10. Be2 Rc8 11. Nb3 cxd4 12. exd4 0-0 13. Qd2 Qc7 14. 0-0 Nf5 15. Bd3 Nd6 16. Rfe1 Na5 17. Ne5 Nac4 18. Bxc4 Nxc4 19. Qc2 b6 20. Nd2 Nxe5 21. Rxe5 f6 22. Re3 e5 23. Qb3 Be6 24. dxe5 fxe5 25. Nf3 e4 26. Nd4 Qf7 27. Rf1 Rce8 28. Qd1 Bc8 29. f3 Qf4 30. fxe4 Qxe3+ 31. Kh1 Rxf1+ 0-1

[Event "EU-ch U12 Girls 25th"]
[Site "Porec"]
[Date "2015.09.25"]
[Round "5"]
[White "Muedder, Melanie"]
[Black "Kokueva, Alisa"]
[Result "0-1"]
[WhiteElo "1585"]
[BlackElo "1562"]
[PlyCount "62"]
[EventDate "2015.09.21"]
[EventType "swiss"]
[EventRounds "9"]
[EventCountry "CRO"]
[SourceTitle "EXT 2016"]
[Source "ChessBase"]
[SourceDate "2015.10.08"]
[SourceVersion "1"]
[SourceVersionDate "2015.10.08"]
[SourceQuality "1"]

1. e4 e5 2. Nf3 Nc6 3. Bb5 a6 4. Ba4 Nf6 5. d4 exd4 6. 0-0 b5 7. Bb3 Be7 8. Re1 0-0 9. e5 Ne8 10. c3 dxc3 11. Nxc3 Bb7 12. Nd5 Bc5 13. Bg5 Be7 14. Nxe7+ Nxe7 15. Qd3 g6 16. Nh4 Rc8 17. Qh3 c5 18. Nf5 gxf5 19. Qg3 Kh8 20. Qh4 f6 21. exf6 Ng6 22. f7 Nxh4 23. Bxd8 Rxd8 24. fxe8Q Rfxe8 25. Bf7 Rf8 26. Re7 Nxg2 27. Rd1 Nf4 28. Rd6 Nh3+ 29. Kf1 Ng5 30. Bg6 hxg6 31. Rxg6 Nf7 0-1

[Event "EU-ch U12 Girls 25th"]
[Site "Porec"]
[Date "2015.09.23"]
[Round "3"]
[White "Olle, Rebeka Sara"]
[Black "Kokueva, Alisa"]
[Result "1-0"]
[WhiteElo "1881"]
[BlackElo "1562"]
[PlyCount "87"]
[EventDate "2015.09.21"]
[EventType "swiss"]
[EventRounds "9"]
[EventCountry "CRO"]
[SourceTitle "EXT 2016"]
[Source "ChessBase"]
[SourceDate "2015.10.08"]
[SourceVersion "1"]
[SourceVersionDate "2015.10.08"]
[SourceQuality "1"]

1. e4 c5 2. Nc3 Nc6 3. f4 g6 4. Nf3 Bg7 5. Bc4 e6 6. f5 Nge7 7. fxe6 dxe6 8. d3 h6 9. 0-0 0-0 10. Qe1 a6 11. a4 Nb4 12. Bb3 Nec6 13. Na2 Qb6 14. Qf2 Na5 15. Nxb4 Nxb3 16. cxb3 Qxb4 17. Qc2 Bd7 18. Be3 Rfc8 19. Qf2 Be8 20. Nd2 Bxb2 21. Rab1 Bg7 22. Nc4 Qc3 23. Nb6 Qxd3 24. Nxa8 Rxa8 25. Qf3 Qd6 26. Rfd1 Qe7 27. Qf2 Rc8 28. Rbc1 Bf8 29. b4 Bxa4 30. Rd3 b6 31. bxc5 bxc5 32. Rdc3 Qb7 33. e5 Qb8 34. Qf4 Qb5 35. Rf1 Rc7 36. Ra1 c4 37. Qd4 Kh7 38. Qd8 Bb4 39. Qxc7 Bxc3 40. Qxf7+ Kh8 41. Qf8+ Kh7 42. Qxh6+ Kg8 43. Rf1 Qe8 44. Bc5 1-0

[Event "EU-ch U12 Girls 25th"]
[Site "Porec"]
[Date "2015.09.21"]
[Round "1"]
[White "Lehaci, Miruna Daria"]
[Black "Kokueva, Alisa"]
[Result "1/2-1/2"]
[WhiteElo "1850"]
[BlackElo "1562"]
[PlyCount "95"]
[EventDate "2015.09.21"]
[EventType "swiss"]
[EventRounds "9"]
[EventCountry "CRO"]
[SourceTitle "EXT 2016"]
[Source "ChessBase"]
[SourceDate "2015.10.08"]
[SourceVersion "1"]
[SourceVersionDate "2015.10.08"]
[SourceQuality "1"]

1. e4 e5 2. Nf3 Nc6 3. Bb5 a6 4. Ba4 Nf6 5. d3 b5 6. Bb3 h6 7. 0-0 Bc5 8. c3 d6 9. d4 Bb6 10. Bc2 0-0 11. a4 Bb7 12. d5 Ne7 13. axb5 axb5 14. Rxa8 Bxa8 15. Na3 Qd7 16. Qe2 Rb8 17. Nxb5 Bxf2+ 18. Rxf2 Qxb5 19. Qxb5 Rxb5 20. c4 Rb8 21. b3 Bb7 22. Bd3 Ra8 23. Bb2 c6 24. Re2 Ng6 25. g3 Nd7 26. b4 Ra4 27. Bc3 Ra3 28. Rc2 Nb6 29. Ne1 Ra8 30. c5 dxc5 31. bxc5 Nd7 32. Bd2 Ngf8 33. Be3 Rc8 34. d6 Ne6 35. Bf1 Ra8 36. Nd3 Ra4 37. Bg2 Ra3 38. Bf1 Ra4 39. Nf2 Ra3 40. Nd1 Ra1 41. Be2 Ra4 42. Nf2 Ra3 43. Nd1 Ra4 44. Bd3 Ra1 45. Be2 Ra4 46. Nf2 Ra3 47. Nd1 Ra4 48. Nf2 1/2-1/2

[Event "World School-ch U11 Girls 11th"]
[Site "Pattaya"]
[Date "2015.05.09"]
[Round "4"]
[White "Kokueva, Alisa"]
[Black "Nurgali, Nazerke"]
[Result "0-1"]
[WhiteElo "1587"]
[BlackElo "1729"]
[PlyCount "172"]
[EventDate "2015.05.07"]
[EventType "swiss"]
[EventRounds "9"]
[EventCountry "THA"]
[SourceTitle "CBM 166 Extra"]
[Source "ChessBase"]
[SourceDate "2015.06.18"]
[SourceVersion "1"]
[SourceVersionDate "2015.06.18"]
[SourceQuality "1"]

1. e4 c5 2. Nf3 Nc6 3. Bb5 e6 4. Bxc6 dxc6 5. 0-0 Ne7 6. b3 Ng6 7. e5 Qc7 8. Re1 Be7 9. Nc3 Bd7 10. d3 f6 11. Ne4 Nxe5 12. Nxe5 Qxe5 13. Ba3 Qf5 14. Qd2 b6 15. b4 cxb4 16. Bxb4 c5 17. Bc3 0-0 18. Re3 e5 19. Rg3 Bc6 20. Qh6 Rf7 21. Re1 Rd8 22. Nd2 Kh8 23. Qh4 Qe6 24. Rh3 g6 25. Nb3 Kg8 26. Qg3 Bd6 27. d4 e4 28. Qe3 c4 29. Nd2 f5 30. f4 Qd5 31. Rg3 Ba4 32. Re2 Be7 33. Rh3 Bf6 34. Rg3 Rfd7 35. Nf1 Bxd4 36. Bxd4 Qxd4 37. Qxd4 Rxd4 38. Ra3 b5 39. h3 Rd1 40. Rc3 Ra1 41. a3 Rdd1 42. Rf2 e3 43. Rxe3 Rdc1 44. c3 Rxa3 45. Kh2 Rcxc3 46. Re8+ Kf7 47. Rfe2 b4 48. R2e7+ Kf6 49. Re6+ Kg7 50. R6e7+ Kh6 51. Rh8 g5 52. Rhxh7+ Kg6 53. Rhg7+ Kh5 54. Rxg5+ Kh6 55. Re6+ Kh7 56. Re7+ Kh8 57. Rxf5 Kg8 58. Ref7 Bc2 59. Rf8+ Kg7 60. R5f7+ Kg6 61. Rf6+ Kg7 62. R6f7+ Kg6 63. Rf6+ Kg7 64. h4 Bg6 65. f5 Bh5 66. Nd2 Rc2 67. Nf1 Rf2 68. Ng3 Rxg3 69. Kxg3 Rf1 70. Kh2 c3 71. g4 Be8 72. g5 Re1 73. h5 Bxh5 74. g6 Re7 75. R6f7+ Rxf7 76. Rxf7+ Kg8 77. Rxa7 c2 78. Rc7 b3 79. Rc8+ Kg7 80. Rc7+ Kf6 81. g7 Bf7 82. Rc8 Kxg7 83. Kg3 b2 84. Rxc2 b1Q 85. Rg2 Qxf5 86. Kh2+ Kh6 0-1